| 000 | 00488nam a2200169Ia 4500 | ||
|---|---|---|---|
| 008 | 150610s9999 xx 000 0 und d | ||
| 020 | _a0 345465474 | ||
| 050 |
_aPS3552 _b.R698H63 2006 |
||
| 100 | _aBrown, Rita Mae | ||
| 245 |
_a The hounds and the fury : _ba novel / _cRita Mae Brown. |
||
| 250 | _a1st ed. | ||
| 260 |
_aNew York : _bBallantine Books, _c2006. |
||
| 300 |
_a315pages ; _c25 cm. |
||
| 520 | _aFiction. | ||
| 650 |
_aFox hunting _xFiction. |
||
| 650 | _xMystery fiction. | ||
| 999 |
_c288181 _d288181 |
||